Computer Application in Business/ (Record no. 189823)

MARC details
000 -LEADER
fixed length control field 00612nam a2200181 4500
005 - DATE AND TIME OF LATEST TRANSACTION
control field 20220713154654.0
010 ## - LCCN (DPL NO)
LC control number ENG-133516
020 ## - INTERNATIONAL STANDARD BOOK NUMBER
International Standard Book Number 9789382730439
Terms of availability 1395.00
035 ## - SYSTEM CONTROL NUMBER
System control number EN-117048
037 ## - SOURCE OF ACQUISITION
Source of stock number/acquisition DBAD/PUB
082 ## - DEWEY DECIMAL CLASSIFICATION NUMBER
Classification number 658.05
100 ## - MAIN ENTRY--PERSONAL NAME
Personal name Deshmukh. Rajesh M.
245 ## - TITLE STATEMENT
Title Computer Application in Business/
Statement of responsibility, etc Rajesh M. Deshmukh
260 ## - PUBLICATION, DISTRIBUTION, ETC. (IMPRINT)
Place of publication, distribution, etc Kanpur
Name of publisher, distributor, etc Garima Prakashan
Date of publication, distribution, etc 2018
270 ## - ADDRESS
City Kanpur
Address 1st Floor, Mayur Park, Basant Vihar Naubasta
Postal code 208021
Telephone number 9415200654
Fax number 9506294444
Electronic mail address garima.prakashan@gmail.com
300 ## - PHYSICAL DESCRIPTION
Extent viii; 336p.
Dimensions 22cm. (hbk)
Other physical details ill
942 ## - ADDED ENTRY ELEMENTS (KOHA)
Source of classification or shelving scheme Dewey Decimal Classification
Item type English Books
Classification part 658.08
Call number suffix DES
Holdings
Withdrawn status Lost status Not for loan Collection code Home library Current library Date acquired Source of acquisition Cost, normal purchase price Full call number Barcode Copy number Cost, replacement price Koha item type
      Non-fiction Bawana Bawana 13/07/2022 DBAD/PUB 1395.00 658.08 DES EN-117048 1 1395.00 English Books

© Delhi Public Library
Hit Counter
free hit counter